| 000 | 00646nam a2200193Ia 4500 | ||
|---|---|---|---|
| 003 | GCL | ||
| 008 | 140319s9999 xx 000 0 ara d | ||
| 040 |
_aGCL / _cGCL |
||
| 082 | 0 | 4 |
_a028.7 _bد م |
| 100 | 1 | _aدار الراتب الجامعية | |
| 245 | 1 | 0 |
_aالمميزون وعالم الارقام القياسية / _cدار الراتب الجامعية |
| 490 |
_aسلاسل سوفنير _v0 |
||
| 650 | 0 | 4 | _aالتثقيف الذاتى |
| 650 | 0 | 4 | _aالمعرفة |
| 650 | 0 | 4 | _aاختبارات الذكاء |
| 650 | 0 | 4 | _aالارقام القياسية |
| 650 | 0 | 4 | _aسجلات الارقام القياسية |
| 942 |
_2ddc _cBK |
||
| 999 |
_c47858 _d47858 |
||